000 00211nam a22000857a 4500
008 170527b xxu||||| |||| 00| 0 eng d
100 _93133
_aM. Wells
245 _aThree Shapes of Love
260 _aChicago
_bMoody
_c1971
999 _c6425
_d6425